|
|
|
|
| LEADER |
00678nta a2200205 i 4500 |
| 001 |
dokt8280 |
| 005 |
20221110144949.0 |
| 008 |
221110s1973 hu om 0|| hun d |
| 040 |
|
|
|a SZTE Doktori Repozitórium
|b hun
|
| 041 |
|
|
|a hun
|
| 100 |
1 |
|
|a Verók István
|
| 245 |
1 |
0 |
|a Vezetői tulajdonságok pszichológiai vizsgálata
|h [elektronikus dokumentum] /
|c Verók István
|
| 260 |
|
|
|c 1973
|
| 502 |
|
|
|a Disszertacio
|
| 650 |
|
4 |
|a pszichológiai tudományok
|
| 650 |
|
4 |
|a Társadalomtudományok
|
| 650 |
|
4 |
|a Pszichológia
|
| 695 |
|
|
|a Pszichológia
|
| 700 |
1 |
|
|a Nincs megadva
|e ths
|
| 856 |
4 |
0 |
|u https://doktori.bibl.u-szeged.hu/id/eprint/8280/1/1973_verok_istvan.pdf
|z Dokumentum-elérés
|